000 00764nam a22002297a 4500
003 UA-OsUOA
001 46458
007 ta
008 20070618b un ||||| |||| 00| 0 ukr d
100 _aЛарин Б.А.
090 _a811.161.(091)
_bЛ25
942 _cBK
040 _aUA-OsUOA
_brus
_cUA-OsUOA
_dUA-OsUOA
245 _aЛекции по истории русского литературного языка (Х - середина XVIII в.)
_bУчебное пособие
300 _a1975 с.
955 _a2
041 _arus
080 _a811.161.(091)
260 _aМ.
_b"Высшая школа"
_c1975
650 7 _a8 Мовознавство. Художня література. Літературознавство
_2UDC
999 _c332550
_d332550